000 00502 a2200205 4500
005 20260401102423.0
008 260325b |||||||| |||| 00| 0 eng d
020 _a9789371269001
_cRs. 2395.00
040 _aMAIN
082 _a346.066
_bT199C(25)
100 _aTaxmann
245 _aCompanies act with rules
250 _a25th
260 _bTaxmann Oublication
_c2025
_aNew Delhi
300 _av.
650 _aLaw
650 _aCorporation Law
650 _aCompany Law- India
942 _cBK
999 _c396357
_d396357